| 000 | 00549nam a2200217Ia 4500 | ||
|---|---|---|---|
| 005 | 20250923145920.0 | ||
| 008 | 008 250917s9999 xx 000 0 eng d | ||
| 037 | _aTextual | ||
| 040 |
_aDSWL _beng _cDSWL |
||
| 041 |
_aeng _2eng |
||
| 084 |
_aS1:7, N80;3 _qDSWL |
||
| 100 |
_aKakar, S. _9840260 |
||
| 245 | 4 |
_aThe Inner world _c by S. Kakar |
|
| 250 | _aIInd | ||
| 260 |
_aDelhi _bO.U.P. _c1982 |
||
| 300 | _a241p. | ||
| 365 |
_aINR _b118.00 |
||
| 925 | _g118.00 | ||
| 942 |
_cTEXL _hS1:7, N80;3 |
||
| 999 |
_c1457313 _d1457313 |
||